| 000 | 02111cam a22004697a 4500 | ||
|---|---|---|---|
| 999 |
_c529952 _d529952 |
||
| 001 | 14813610 | ||
| 003 | NUST | ||
| 005 | 20191008100143.0 | ||
| 008 | 070419s2006 dcuak tb 000 0 eng d | ||
| 010 | _a 2006905112 | ||
| 020 | _a030909769X | ||
| 035 | _a(OCoLC)ocm76266580 | ||
| 035 | _a(OCoLC)76266580 | ||
| 038 | _aMSOHAIL | ||
| 040 |
_aTRL _cTRL _dDAY _dOCLCQ _dDLC |
||
| 042 | _alccopycat | ||
| 050 | 0 | 0 |
_aTE153 _b.H59 2006 |
| 082 | 0 | 0 |
_a625.72 _222 |
| 100 | 1 |
_aHixson, Charles L. _923011 |
|
| 245 | 1 | 0 |
_aVisualization for project development / _cconsultant, Charles L. Hixson. |
| 260 |
_aWashington, D.C. : _bTransportation Research Board, _c2006. |
||
| 300 |
_a82 p. : _bill. (some col.), forms, col. maps ; _c28 cm. |
||
| 490 | 1 |
_aNCHRP synthesis, _x0547-5570 ; _v361 |
|
| 500 | _aAt head of title: National Cooperative Research Highway Program. | ||
| 500 | _a"Research sponsored by the American Association of State Highway and Transportation Officials in cooperation with the Federal Highway Administration." | ||
| 504 | _aIncludes bibliographical references (p. 39-40). | ||
| 530 | _aAlso available online. | ||
| 650 | 0 |
_aHighway planning _xComputer simulation. _923012 |
|
| 650 | 0 |
_aHighway planning _xComputer-aided design. _923013 |
|
| 650 | 0 |
_aRoads _xComputer-aided design. _923014 |
|
| 650 | 0 |
_aVisualization. _923015 |
|
| 710 | 2 |
_aNational Cooperative Highway Research Program. _920864 |
|
| 710 | 2 |
_aAmerican Association of State Highway and Transportation Officials. _919553 |
|
| 710 | 1 |
_aUnited States. _bFederal Highway Administration. _920149 |
|
| 710 | 2 |
_aNational Research Council (U.S.). _bTransportation Research Board. _923016 |
|
| 830 | 0 |
_aSynthesis of highway practice ; _v361. _923017 |
|
| 856 | 4 | 1 |
_3Table of contents only _uhttp://www.loc.gov/catdir/toc/fy0712/2006905112.html |
| 856 | 4 | 1 |
_uhttp://onlinepubs.trb.org/onlinepubs/nchrp/nchrp_syn_361.pdf _zClick to connect to this title online |
| 906 |
_a7 _bcbc _ccopycat _d2 _encip _f20 _gy-gencatlg |
||
| 942 |
_2ddc _cBK |
||